Catálogo
 En Linea

L'ame du vent / (Registro nro. 18300)

Detalles MARC
000 -CABECERA
campo de control de longitud fija 00703cam a2200229 a 4500
001 - NÚMERO DE CONTROL
campo de control 000018780
005 - FECHA Y HORA DE LA ÚLTIMA TRANSACCIÓN
campo de control 20200929165845.0
008 - DATOS DE LONGITUD FIJA--INFORMACIÓN GENERAL
campo de control de longitud fija 950530s1991 fr 000 1 fre d
020 ## - NÚMERO INTERNACIONAL ESTÁNDAR DEL LIBRO
Número Internacional Estándar del Libro 2877300870
040 ## - FUENTE DE LA CATALOGACIÓN
Centro catalogador/agencia de origen DO-SdBNP
Lengua de catalogación fre
Centro/agencia transcriptor LC
Centro/agencia modificador BNGR
050 00 - SIGNATURA TOPOGRÁFICA DE LA BIBLIOTECA DEL CONGRESO
Número de clasificación PL992.58.C63
Número de documento/Ítem P37 1991
082 ## - NÚMERO DE LA CLASIFICACIÓN DECIMAL DEWEY
Número de clasificación nn*
Número de documento/Ítem ....*
049 ## - FONDOS LOCALES (OCLC)
Fondos de biblioteca BNGR
100 1# - ENTRADA PRINCIPAL--NOMBRE DE PERSONA
Nombre de persona O, Chong-hui
9 (RLIN) 40508
240 10 - TÍTULO UNIFORME
Título uniforme Paran ij nuk ; Ya hwe.
Lenguaje de la obra Francés
245 12 - MENCIÓN DE TÍTULO
Título L'ame du vent /
Mención de responsabilidad, etc. Oh Jung-Hi ; narrativas traducidas del coreano Lee Byoung-Jou.
260 ## - PUBLICACIÓN, DISTRIBUCIÓN, ETC.
Lugar de publicación, distribución, etc. Arlés :
Nombre del editor, distribuidor, etc. Philippe Picquier,
Fecha de publicación, distribución, etc. 1991.
300 ## - DESCRIPCIÓN FÍSICA
Extensión 149 p. ;
Dimensiones 21 cm.
534 ## - NOTA SOBRE LA VERSIÓN ORIGINAL
Encabezamiento principal del original Titre original :
Mención de título del original Paran ij nuk ; Ya hwe
740 02 - PUNTO DE ACCESO ADICIONAL--TÍTULO RELACIONADO O ANALÍTICO NO CONTROLADO
Título relacionado o analítico no controlado Soiree.
910 ## - DATOS DE OPCIÓN DEL USUARIO (OCLC)
Datos de opción del usuario Catalogación derivada / LC
Existencias
Estado de retiro Estado de pérdida Restricciones de uso No para préstamo Código de colección Localización permanente Ubicación/localización actual Ubicación en estantería Fecha de adquisición Número de inventario Total de préstamos Signatura topográfica completa Código de barras Fecha visto por última vez Precio válido a partir de Tipo de ítem Koha
        Monografías: Libros y Folletos General General En catalogación 18.05.2010 LF1   nn* ....* 18780-10 25.06.2020 25.06.2020 Préstamo en sala

Con tecnología Koha